| 000 | 00595nam a22001817a 4500 | ||
|---|---|---|---|
| 003 | BD-DhUL | ||
| 005 | 20160828201327.0 | ||
| 008 | 160824s1987 B ||||| |||| 00| 0 B d | ||
| 040 |
_cBD-DhUL _dBD-DhUL |
||
| 082 |
_a910.09 _bKHC |
||
| 100 | _aখুরসীদ-উজ-জামান | ||
| 245 |
_aচেনা-অচেনা / _cখুরসীদ-উজ-জামান |
||
| 260 |
_aঢাকা : _bবাংলা একাডেমী, _c১৯৮৭. |
||
| 300 |
_a৮৮ পৃ. ; _c২১ সে. মি. |
||
| 650 | 0 | _aইতিহাস | |
| 650 | 0 | _aHistory | |
| 942 |
_2ddc _cBK |
||
| 999 |
_c102062 _d102062 |
||